Golfers with Most Majors - Statistics

General Stats
  • This quiz has been taken 348 times
  • The average score is 27 of 83
Answer Stats
Wins Golfer % Correct
15 Tiger Woods
98%
18 Jack Nicklaus
97%
7 Arnold Palmer
86%
4 Rory McIlroy
86%
5 Phil Mickelson
84%
2 Craig Wood
79%
9 Gary Player
79%
2 Bubba Watson
77%
8 Tom Watson
76%
3 Jordan Spieth
73%
2 Dustin Johnson
72%
2 Zach Johnson
69%
6 Nick Faldo
68%
5 Seve Ballesteros
64%
9 Ben Hogan
63%
4 Ernie Els
62%
4 Brooks Koepka
61%
2 Greg Norman
58%
7 Sam Snead
55%
3 Vijay Singh
54%
6 Lee Trevino
50%
7 Bobby Jones
49%
2 Jose Maria Olazabal
42%
2 Alex Smith
40%
2 John Daly
40%
3 Padraig Harrington
40%
2 Bernard Langer
39%
2 Horton Smith
36%
11 Walter Hagen
35%
7 Gene Sarazen
34%
2 Sandy Lyle
32%
2 Johnny Miller
29%
3 Nick Price
29%
3 Payne Stewart
29%
4 Tom Morris Jr.
29%
4 Tom Morris Sr.
29%
2 Angel Cabrera
28%
2 Ben Crenshaw
28%
5 Byron Nelson
28%
3 Larry Nelson
28%
2 Fuzzy Zoeller
27%
2 Mark O'Meara
27%
4 Raymond Floyd
27%
2 Retief Goosen
27%
5 Peter Thomson
26%
2 Martin Kaymer
24%
3 Hale Irwin
23%
2 Curtis Strange
22%
4 Bobby Locke
21%
2 Tony Jacklin
20%
3 Billy Casper
19%
7 Harry Vardon
17%
2 Hubert Green
17%
2 Andy North
14%
3 Jimmy Demaret
14%
3 Cary Middlecoff
13%
2 David Graham
13%
2 Doug Ford
13%
3 Julius Boros
13%
2 Lee Janzen
13%
3 Tommy Armour
13%
3 James Anderson
12%
5 James Braid
12%
5 John Henry Taylor
12%
2 Ted Ray
11%
4 Willie Anderson
11%
3 Henry Cotton
9%
2 Jack Burke Jr.
9%
2 Willie Park Jr.
9%
4 Willie Park Sr.
9%
2 Dave Stockton
6%
2 John McDermott
6%
3 Bob Ferguson
5%
2 Henry Picard
5%
4 Jim Barnes
5%
3 Ralph Guldahl
5%
2 Bob Martin
4%
2 Harold Hilton
3%
2 Jock Hutchison
3%
2 Leo Diegel
3%
3 Denny Shute
2%
2 Olin Dutra
2%
2 Paul Runyan
2%
No matching quizzes found
Score Distribution
Percent of People with Each Score
Percentile by Number Answered
Your Score History
You have not taken this quiz